| 000 | 00678nam a2200193 a 4500 | ||
|---|---|---|---|
| 001 | 000017003 | ||
| 003 | OSt | ||
| 005 | 20240304103305.0 | ||
| 008 | 100312s2003 dr 000 0 spa d | ||
| 040 |
_aDO-SdBNP _bspa _cBNPHU |
||
| 082 |
_axxx _bR426n |
||
| 110 | 1 |
_aRepública Dominicana. _b Secretaría de Estado de Medio Ambiente y Recursos Naturales _914503 |
|
| 245 | 1 | 0 | _aNormas ambientales de calidad del aire y control de emisiones / |
| 260 |
_aSanto Domingo : _bSecretaría de Estado de Medio Ambiente y Recursos Naturales, _c2003. |
||
| 300 |
_a57 p. ; _c23 cm. |
||
| 500 | _aIncluye una nota al pie de página | ||
| 590 | _aInventariado, 2020/ YL | ||
| 942 |
_2ddc _cLBS1 |
||
| 999 |
_c16531 _d16531 |
||